1757 1942 1763 1916 1515 1097 1014 1429 1259 1025 1928 1413 1302 1217 1493 1048 1773 1567 1948 1265 1283 1526 1517 1172 1002 1468 1373 1240 1091 1513 1300 1835 1551 1608 1884 1961 1236 1463 1440 1529 1834 1373 1879 1883 1069 1554 1957 1443 1790 1006 1925 1840 1452 1914 1939 1335 1440 1979 1321 1289 1257 1761 1232 1722 1253 1695 1694 1338 1837 1037 1695 1547 1080 1453 1388 1791 1585 1859 1755 1839 1307 1185 1067 1146 1776 1680 1556 1605 1754 1036 1799 1787 1379 1200 1225 1141 1573 1533 1852 BCNSPRNW ULIB Ver.6.0+V

เปลี่ยนเป็นภาษาไทย

Change to English
 แสดงรายละเอียดบรรณานุกรม
  กลับหน้าหลัก

Brief Record : Get Marc (ISO 2709) : E-mail record : QR code < ปิดหน้าต่าง
LEADER : 00000nam 2200000uu 4500
001    13399126778
003     ULIB
008    190304s2561||||th 000 0 tha d
020    ^a9786164685253
060 04 ^aWK270^bส258ศ
100 0  ^aสมบูรณ์ คีลาวัฒน์
245 10 ^aศัลยพยาธิวิทยาของเนื้องอกต่อมไทรอยด์ = ^bSurgical pathology of thyroid neoplasms /^cสมบูรณ์ คีลาวัฒน์
246 31 ^aSurgical pathology of thyroid neoplasms
250    ^aพิมพ์ครั้งที่ 1
260    ^aกรุงเทพฯ : ^bภาควิชาพยาธิวิทยา คณะแพทยศาสตร์ จุฬาลงกรณ์มหาวิทยาลัย,^c2561
300    ^a241, [5] หน้า : ^bภาพประกอบ
504    ^aบรรณานุกรมท้ายเรื่อง
504    ^aดัชนีท้ายเล่ม
590    ^aGift-T-61
650  7 ^aไทรอยด์, เนื้องอก ^xพยาธิวิทยา
650  7 ^aไทรอยด์, เนื้องอก ^xศัลยกรรม
710 2  ^aจุฬาลงกรณ์มหาวิทยาลัย^bคณะแพทยศาสตร์^bภาควิชาพยาธิวิทยา
945    ^p590^l0^i27223
945    ^p590^l0^i27222
999    ^aกัณชพร จุลอักษร
รายการนี้ยังไม่มีแท็ก
คุณยังไม่ได้ล็อกอิน คุณสามารถมีกิจกรรมร่วมกับเว็บไซต์ได้ แต่ต้องล็อกอินก่อน ::
  ล็อกอิน

รายการสื่อสารสนเทศ

ลำดับที่ ประเภท เลขเรียก/บาร์โค้ด สถานที่ สถานะ
1. หนังสือสำรอง
หนังสือสำรอง
WK270 ส258ศ ฉ.1 
  Barcode: 27222
ห้องสมุดวิทยาเขตนครสวรรค์
►หนังสือทั่วไป:l:General Books
บนชั้น
2. วิทยาศาสตร์การแพทย์ และสุขภาพ
วิทยาศาสตร์การแพทย์ และสุขภาพ
WK270 ส258ศ ฉ.2 
  Barcode: 27223
ห้องสมุดวิทยาเขตนครสวรรค์
►หนังสือทั่วไป:l:General Books
บนชั้น

รายการใกล้เคียง
    ผู้แต่ง [สมบูรณ์ คีลาวัฒน์]

BibComment


ยังไม่เคยถูกคอมเมนท์

คอมเมนท์ทรัพยากรรายการนี้
  คอมเมนท์: ศัลยพยาธิวิทยาขอ..


 Copyright 2026. Bcnsprnw @Library